000 00475nam a2200181Ia 4500
008 230524s9999 xx 000 0 und d
020 _a9789381141724
082 _bBHA
100 _aGeeta Bhatt
_942997
245 0 _aExperiments Based on Analog & Digital Electronics
250 _a1
260 _aNew Delhi
_bI.K.International
_c2012
300 _a"xii,213P;"
500 _aQuantity Number: 1
650 _aElectronics
700 _aGeeta Mongia
_942998
942 _cBK
999 _c57946
_d57946